| 000 | 00380cam a2200157ua 4500 | ||
|---|---|---|---|
| 003 | OSt | ||
| 008 | 250707b |||||||| |||| 00| 0 eng d | ||
| 041 | _aeng | ||
| 082 |
_a624.18341 _bSHA/EL |
||
| 100 |
_aShah, H J . _9535 |
||
| 245 | _aElementary reinforced concrete / | ||
| 250 | _a1 / | ||
| 260 |
_aNew Delhi : _bCharotar book stall , _c1996. |
||
| 300 | _a732 ; . | ||
| 942 | _cBK | ||
| 999 |
_c88 _d88 |
||